| 000 | 02770nam a22004457a 4500 | ||
|---|---|---|---|
| 003 | CHAP | ||
| 005 | 20220329143618.0 | ||
| 008 | 100922s2008 mx r 00010 spa d | ||
| 010 | _a99309 | ||
| 011 | _a100281 | ||
| 035 | _a110967 | ||
| 040 | _cCHAP | ||
| 082 | 1 | 4 |
_a378.1981097253 _bC73 |
| 110 | 1 |
_aComité 68 Pro Libertades Democráticas _925845 |
|
| 245 | 1 | 0 |
_aMéxico : _bgenocidio y delitos de lesa humanidad, documentos básicos 1968 - 2008 _c/por Comité 68 Pro Libertades Democráticas |
| 260 |
_aMéxico, D. F. : _bComité 68 Pro Libertades Democráticas, _c2008 |
||
| 300 | _a10 v. | ||
| 505 | 0 | _av.1 Los procesos de México 68 : la criminalización de las victimas. -- v.2 Tiempo de hablar... : alegatos de defensa. -- v.3 Imprescriptibilidad del genocidio : los foros del Senado. -- v.4 Denuncia y criterios del Comité 68 : las imputaciones a los genocidas.-- v.5 Procesos inconclusos, deslinde de responsabilidades : un preámbulo de juicios internacionales. -- v.6 Principio del Ius Cogens : referencia especial al 10 de junio de 1971. -- v.7 Ejército y sociedad : la reforma constitucional del ejército. -- v.8 El fuego y el silencio : historia de las FPL. -- v.9 Informe histórico presentado a la sociedad mexicana : fiscalía especial FEMOSPP.-- v.10 Crímenes gubernamentales del presente : testimonios de la tercera generación | |
| 590 |
_aBATCH-UPD _b10 _c20130110 _lUCH01 _h1425 |
||
| 590 |
_aBATCH-UPD _b10 _c20130410 _lUCH01 _h0905 |
||
| 590 |
_aBATCH-UPD _b10 _c20130914 _lUCH01 _h1030 |
||
| 590 |
_aCONVERSION _b10 _c20130109 _lUCH01 _h1355 |
||
| 650 | 1 | 4 |
_aConflictos sociales. _926641 |
| 650 | 1 | 4 |
_aEstudiantes _xActividad política _xMéxico. _938490 |
| 650 | 1 | 4 |
_aGenocidio. _947468 |
| 650 | 1 | 4 |
_aMovimientos estudiantiles. _979168 |
| 650 | 1 | 4 |
_aPresos políticos. _991529 |
| 901 | _aBK | ||
| 942 | _cLIBRO | ||
| 949 |
_a378.1981097253 C73 _bBC _cLIBRO _d33724002114421 _eLIBRO _fv.2 _h113522 _i110967 _sb |
||
| 949 |
_a378.1981097253 C73 _bBC _cLIBRO _d33724002114545 _eLIBRO _fv.1 _h113521 _i110967 _sb |
||
| 949 |
_a378.1981097253 C73 _bBC _cLIBRO _d33724002114587 _eLIBRO _fv.10 _h113530 _i110967 _sb |
||
| 949 |
_a378.1981097253 C73 _bBC _cLIBRO _d33724002114629 _eLIBRO _fv.9 _h113529 _i110967 _sb |
||
| 949 |
_a378.1981097253 C73 _bBC _cLIBRO _d33724002114660 _eLIBRO _fv.8 _h113528 _i110967 _sb |
||
| 949 |
_a378.1981097253 C73 _bBC _cLIBRO _d33724002114702 _eLIBRO _fv.7 _h113527 _i110967 _sb |
||
| 949 |
_a378.1981097253 C73 _bBC _cLIBRO _d33724002114743 _eLIBRO _fv.5 _h113525 _i110967 _sb |
||
| 949 |
_a378.1981097253 C73 _bBC _cLIBRO _d33724002114785 _eLIBRO _fv.4 _h113524 _i110967 _sb |
||
| 949 |
_a378.1981097253 C73 _bBC _cLIBRO _d33724002114827 _eLIBRO _fv.6 _h113526 _i110967 _sb |
||
| 949 |
_a378.1981097253 C73 _bBC _cLIBRO _d33724002114868 _eLIBRO _fv.3 _h113523 _i110967 _sb |
||
| 999 |
_c99309 _d99309 |
||